00546 2200193 4500001002100000008004100021035001900062245008600081100001900167250000900186260003600195300002500231020002100256084001700277082001000294650002200304863000900326990001700335INLIS000000000011608 ind $a 0010-0721000448$a Iman mengantarmu menuju surga : $b Ensiklopedia anak muslim 5 / $c Tartila Tartusi$a Tartila Tartusi$a Cet.5$a Depok : $b Gema Insani, $c 2017 $a 124 hlm. ; $c 28,5 cm$a 978-979-077-181-9$a 297.003 tar i$a 297003$a Ensiklopedia islam$a Cet.5$a 32254/pb/2020